| 000 | 00588nam a2200193Ia 4500 | ||
|---|---|---|---|
| 005 | 20250508160852.0 | ||
| 008 | 008 250505s9999 xx 000 0 eng d | ||
| 037 | _aTextual | ||
| 040 |
_aFEDL _beng _cFEDL |
||
| 041 |
_aeng _2eng |
||
| 084 |
_a371.425, SPE _qFEDL |
||
| 100 | _aSperry Len | ||
| 245 | 0 | _aContact counseling : Communication skills for people in organizations | |
| 260 |
_aMassachusetts _bAddison - Wesley Publishing Company _c1974 |
||
| 300 | _axv,281p | ||
| 700 |
_a Hess Lee R _9769608 |
||
| 942 |
_cTEXL _h371.425, SPE |
||
| 999 |
_c1367088 _d1367088 |
||